মধূসূদন রবীন্দ্রনাথ / (Record no. 3148)
[ view plain ]
| 000 -LEADER | |
|---|---|
| fixed length control field | 00711nam a2200217 a 4500 |
| 001 - CONTROL NUMBER | |
| JCCL Control Number | 3148 |
| 003 - CONTROL NUMBER IDENTIFIER | |
| JCCL marc code | BD-JhCC |
| 005 - DATE AND TIME OF LATEST TRANSACTION | |
| control field | 20171111163302.0 |
| 008 - FIXED-LENGTH DATA ELEMENTS--GENERAL INFORMATION | |
| fixed length control field | 171111s1374 bg |||| |||| 000 0 ben d |
| 035 ## - SYSTEM CONTROL NUMBER | |
| system control number | (BD-JhCC)3148 |
| 040 ## - CATALOGING SOURCE | |
| Original cataloging agency | BD-JhCC |
| Modifying agency | BD-JhCC |
| 041 ## - LANGUAGE CODE | |
| Language code of Book | ben |
| 082 ## - DEWEY DECIMAL CLASSIFICATION NUMBER | |
| Classification number | 891.4409 |
| Author mark and Year | MAH 1374 |
| 100 ## - MAIN ENTRY--PERSONAL NAME | |
| Personal name | মাহফুজউল্লাহ্, মোহাম্মদ |
| 245 ## - TITLE STATEMENT | |
| Title | মধূসূদন রবীন্দ্রনাথ / |
| Statement of responsibility, etc | মোহাম্মদ মাহফুজউল্লাহ্ |
| 260 ## - PUBLICATION, DISTRIBUTION, ETC. (IMPRINT) | |
| Place of publication, distribution, etc | ঢাকা : |
| Name of publisher, distributor, etc | স্টুডেন্ট ওয়েজ, |
| Date of publication, distribution, etc | 1374. |
| 300 ## - PHYSICAL DESCRIPTION | |
| Pagination | 292 p. : |
| Dimensions | 21 cm. |
| 650 ## - SUBJECT ADDED ENTRY--TOPICAL TERM | |
| Topical term or geographic name as entry element | Bengali Letirature |
| 942 ## - ADDED ENTRY ELEMENTS (KOHA) | |
| Source of classification or shelving scheme | Dewey Decimal Classification |
| Koha item type | Books |
| Source of classification or shelving scheme | Damaged status | Not for loan | Home library | Current library | Shelving location | Date of accession | Cost, normal purchase price | Total Checkouts | Full call number | Barcode | Date last seen | Copy number | Koha item type |
|---|---|---|---|---|---|---|---|---|---|---|---|---|---|
| Dewey Decimal Classification | JCC Rouf Library | JCC Rouf Library | General Stacks | 11/11/2017 | 7.00 | 891.4409 MAH 1374 | 3783 | 11/11/2017 | C-1 | Books | |||
| Dewey Decimal Classification | JCC Rouf Library | JCC Rouf Library | General Stacks | 11/13/2017 | 7.00 | 891.4409 MAH 1374 | 3918 | 11/13/2017 | C-2 | Books |